[Event "Montreal int."]
[Site "Montreal CAN"]
[Date "2005.08.03"]
[Round "1"]
[White "Huzman, Alexander"]
[Black "Bluvshtein, Mark"]
[Result "1-0"]
[WhiteElo "2577"]
[BlackElo "2525"]
[PlyCount "73"]
[GameId "2160767910900660"]
[EventDate "2005.08.03"]
[EventType "tourn"]
[EventRounds "11"]
[EventCountry "CAN"]
[EventCategory "12"]
[SourceTitle "CBM 109"]
[Source "ChessBase"]
[SourceDate "2005.11.14"]
[SourceVersion "1"]
[SourceVersionDate "2005.11.14"]
[SourceQuality "1"]

1. Nf3 Nf6 2. c4 e6 3. g3 c5 4. Bg2 d5 5. cxd5 Qxd5 6. Nc3 Qd8 7. b3 Nc6 8. Bb2 e5 9. Rc1 Be7 10. Na4 Nd7 11. O-O O-O 12. Ne1 Nb4 13. a3 Na6 14. Nd3 Bd6 15. Nc3 Rb8 16. Ne4 Qe7 17. f4 exf4 18. Nxf4 Be5 19. Nd5 Qe6 20. Bxe5 Nxe5 21. Nxc5 Nxc5 22. Rxc5 Qd6 23. d4 Be6 24. e4 b6 25. Rc1 Ng6 26. e5 Qd7 27. Ne3 Rbd8 28. d5 Qe7 29. Qd4 Bc8 30. Nc4 Ba6 31. d6 Qg5 32. Rce1 Bxc4 33. bxc4 Rfe8 34. c5 bxc5 35. Qxc5 Nxe5 36. Qxa7 Re6 37. Rxe5 1-0

[Event "Montreal int."]
[Site "Montreal CAN"]
[Date "2005.08.04"]
[Round "2"]
[White "Kogan, Artur"]
[Black "Golod, Vitali"]
[Result "1/2-1/2"]
[WhiteElo "2580"]
[BlackElo "2582"]
[PlyCount "87"]
[GameId "2160767910900668"]
[EventDate "2005.08.03"]
[EventType "tourn"]
[EventRounds "11"]
[EventCountry "CAN"]
[EventCategory "12"]
[SourceTitle "CBM 109"]
[Source "ChessBase"]
[SourceDate "2005.11.14"]
[SourceVersion "1"]
[SourceVersionDate "2005.11.14"]
[SourceQuality "1"]

1. e4 e5 2. Nf3 Nf6 3. Nxe5 d6 4. Nf3 Nxe4 5. Nc3 Nxc3 6. dxc3 Be7 7. Bd3 Nc6 8. Bf4 Be6 9. Qe2 Qd7 10. O-O-O O-O 11. h4 Bf5 12. Ng5 Rae8 13. Qf3 Bxd3 14. Qxd3 g6 15. f3 Bf6 16. h5 Ne5 17. Qd2 Bxg5 18. Bxg5 f6 19. Bh6 Rf7 20. hxg6 Nxg6 21. Rde1 Re5 22. f4 Rxe1+ 23. Rxe1 Re7 24. Qd5+ Kh8 25. Rd1 b6 26. Qa8+ Re8 27. Qxa7 Qc6 28. Qa3 Re2 29. Kb1 Rxg2 30. f5 Ne5 31. Qb3 Qe4 32. a4 Qxf5 33. a5 bxa5 34. Qb8+ Rg8 35. Qxc7 Qh5 36. Bg7+ Rxg7 37. Qd8+ Rg8 38. Qxf6+ Rg7 39. Qf8+ Rg8 40. Qf6+ Rg7 41. Rxd6 Nf7 42. Rd8+ Nxd8 43. Qf8+ Rg8 44. Qf6+ 1/2-1/2

[Event "Montreal int."]
[Site "Montreal CAN"]
[Date "2005.08.04"]
[Round "2"]
[White "Nataf, Igor A"]
[Black "Huzman, Alexander"]
[Result "1/2-1/2"]
[WhiteElo "2583"]
[BlackElo "2577"]
[PlyCount "46"]
[GameId "2160767910900670"]
[EventDate "2005.08.03"]
[EventType "tourn"]
[EventRounds "11"]
[EventCountry "CAN"]
[EventCategory "12"]
[SourceTitle "CBM 109"]
[Source "ChessBase"]
[SourceDate "2005.11.14"]
[SourceVersion "1"]
[SourceVersionDate "2005.11.14"]
[SourceQuality "1"]

1. e4 e6 2. d4 d5 3. Nc3 Nf6 4. Bg5 dxe4 5. Nxe4 Nbd7 6. Nf3 h6 7. Nxf6+ Nxf6 8. Bh4 c5 9. Ne5 Qa5+ 10. c3 cxd4 11. Qxd4 Bc5 12. Qf4 Bd6 13. Bg3 O-O 14. Be2 Nd5 15. Qd4 Bxe5 16. Qxe5 f6 17. Qh5 e5 18. O-O Be6 19. Bd3 Rad8 20. Qe2 Rf7 21. Rad1 Rfd7 22. Bb1 Qc5 23. h3 Ne7 1/2-1/2

[Event "Montreal int."]
[Site "Montreal CAN"]
[Date "2005.08.05"]
[Round "3"]
[White "Huzman, Alexander"]
[Black "Kogan, Artur"]
[Result "1/2-1/2"]
[WhiteElo "2577"]
[BlackElo "2580"]
[PlyCount "47"]
[GameId "2160767910900672"]
[EventDate "2005.08.03"]
[EventType "tourn"]
[EventRounds "11"]
[EventCountry "CAN"]
[EventCategory "12"]
[SourceTitle "CBM 109"]
[Source "ChessBase"]
[SourceDate "2005.11.14"]
[SourceVersion "1"]
[SourceVersionDate "2005.11.14"]
[SourceQuality "1"]

1. d4 d5 2. c4 e6 3. Nf3 c6 4. Qc2 dxc4 5. Qxc4 Nf6 6. Bg5 Qb6 7. Nbd2 Qxb2 8. Rb1 Qa3 9. e4 Nbd7 10. Bd3 h6 11. Bf4 Be7 12. Qc2 Qa5 13. O-O O-O 14. Nb3 Qd8 15. h3 Re8 16. Rfd1 Bf8 17. Bh2 a5 18. Nbd2 a4 19. Nc4 Ra7 20. Bf1 Nh7 21. d5 exd5 22. exd5 Ng5 23. Nd4 Qf6 24. dxc6 1/2-1/2

[Event "Montreal int."]
[Site "Montreal CAN"]
[Date "2005.08.05"]
[Round "3"]
[White "Shipov, Sergei"]
[Black "Efimenko, Zahar"]
[Result "1/2-1/2"]
[WhiteElo "2582"]
[BlackElo "2643"]
[PlyCount "45"]
[GameId "2160767910900675"]
[EventDate "2005.08.03"]
[EventType "tourn"]
[EventRounds "11"]
[EventCountry "CAN"]
[EventCategory "12"]
[SourceTitle "CBM 109"]
[Source "ChessBase"]
[SourceDate "2005.11.14"]
[SourceVersion "1"]
[SourceVersionDate "2005.11.14"]
[SourceQuality "1"]

1. d4 Nf6 2. c4 e6 3. Nc3 Bb4 4. Qc2 O-O 5. a3 Bxc3+ 6. Qxc3 b6 7. Nf3 Bb7 8. e3 a5 9. b3 d6 10. Be2 Nbd7 11. O-O Qe7 12. Bb2 c5 13. Rfd1 d5 14. Ne5 cxd4 15. Qxd4 Nc5 16. Qh4 Rfe8 17. b4 Nb3 18. Rab1 Ne4 19. Qxe7 Rxe7 20. Nf3 a4 21. cxd5 Bxd5 22. Bb5 Rc7 23. h3 1/2-1/2

[Event "Montreal int."]
[Site "Montreal CAN"]
[Date "2005.08.05"]
[Round "3"]
[White "Tyomkin, Dimitri"]
[Black "Nataf, Igor A"]
[Result "1/2-1/2"]
[WhiteElo "2467"]
[BlackElo "2583"]
[PlyCount "50"]
[GameId "2160767910900676"]
[EventDate "2005.08.03"]
[EventType "tourn"]
[EventRounds "11"]
[EventCountry "CAN"]
[EventCategory "12"]
[SourceTitle "CBM 109"]
[Source "ChessBase"]
[SourceDate "2005.11.14"]
[SourceVersion "1"]
[SourceVersionDate "2005.11.14"]
[SourceQuality "1"]

1. d4 Nf6 2. Nf3 g6 3. Bg5 Bg7 4. Nbd2 O-O 5. c3 d6 6. e4 h6 7. Bh4 c5 8. d5 e6 9. dxe6 Bxe6 10. Bc4 Bxc4 11. Bxf6 Qxf6 12. Nxc4 Qe7 13. O-O Qxe4 14. Nxd6 Qc6 15. Nc4 Qc7 16. Qd6 Qxd6 17. Nxd6 b6 18. Rfd1 Nc6 19. Rd5 Rfd8 20. Rad1 Kf8 21. Kf1 Rd7 22. Nc4 Rxd5 23. Rxd5 Ke7 24. a4 Rd8 25. Rxd8 Kxd8 1/2-1/2

[Event "Montreal int."]
[Site "Montreal CAN"]
[Date "2005.08.06"]
[Round "4"]
[White "Bluvshtein, Mark"]
[Black "Mikhalevski, Victor"]
[Result "1/2-1/2"]
[WhiteElo "2525"]
[BlackElo "2572"]
[PlyCount "133"]
[GameId "2160767739119981"]
[EventDate "2005.08.03"]
[EventType "tourn"]
[EventRounds "11"]
[EventCountry "CAN"]
[EventCategory "12"]
[SourceTitle "CBM 109"]
[Source "ChessBase"]
[SourceDate "2005.11.14"]
[SourceVersion "1"]
[SourceVersionDate "2005.11.14"]
[SourceQuality "1"]

1. d4 Nf6 2. c4 g6 3. Nc3 d5 4. Nf3 Bg7 5. e3 O-O 6. b4 Be6 7. Qb3 c6 8. cxd5 Nxd5 9. Bc4 a5 10. bxa5 Nxc3 11. Bxe6 Ne4 12. O-O Rxa5 13. Bc4 b5 14. Be2 Qd5 15. Ba3 Na6 16. Bxe7 Re8 17. Ba3 Ra8 18. Bd3 Nc7 19. Bxe4 Qxe4 20. Bb4 Ra4 21. a3 Nd5 22. Rac1 R8a6 23. Bc5 Bf8 24. Nd2 Qe8 25. Nb1 Bxc5 26. Rxc5 Nb6 27. Rfc1 Nc4 28. d5 cxd5 29. Rxb5 Ra8 30. Rxd5 Nxa3 31. Nd2 Qe6 32. Qd3 Kg7 33. Rd7 Nc4 34. Qc3+ Kh6 35. Rd4 Nxd2 36. Qxd2 Rxd4 37. exd4+ Kg7 38. d5 Qd6 39. g3 Rd8 40. Rd1 h5 41. h4 Rd7 42. Kg2 Rd8 43. Qd4+ Qf6 44. Qe4 Kg8 45. Qb4 Rd6 46. Qc5 Qe5 47. Qd4 Qf5 48. Rd2 Kh7 49. Kh2 Qg4 50. Qe5 Qd7 51. Rd4 Qd8 52. Qf4 Kg7 53. Qe4 Qd7 54. Qf3 Kg8 55. Rd2 Kh7 56. Qe4 Re6 57. Qf4 Rd6 58. Qe5 Qd8 59. f3 Qd7 60. Kg2 Re6 61. Qd4 Rd6 62. g4 hxg4 63. fxg4 Ra6 64. Rf2 Ra4 65. Rxf7+ Qxf7 66. Qxa4 Qxd5+ 67. Kg3 {and offered a draw.} 1/2-1/2

[Event "Montreal int."]
[Site "Montreal CAN"]
[Date "2005.08.06"]
[Round "4"]
[White "Golod, Vitali"]
[Black "Huzman, Alexander"]
[Result "1/2-1/2"]
[WhiteElo "2582"]
[BlackElo "2577"]
[PlyCount "68"]
[GameId "2160767910900678"]
[EventDate "2005.08.03"]
[EventType "tourn"]
[EventRounds "11"]
[EventCountry "CAN"]
[EventCategory "12"]
[SourceTitle "CBM 109"]
[Source "ChessBase"]
[SourceDate "2005.11.14"]
[SourceVersion "1"]
[SourceVersionDate "2005.11.14"]
[SourceQuality "1"]

1. d4 Nf6 2. c4 e6 3. Nc3 Bb4 4. Qc2 d5 5. cxd5 Qxd5 6. e3 c5 7. Bd2 Bxc3 8. Bxc3 cxd4 9. Bxd4 Nc6 10. Bc3 Qc5 11. Rc1 O-O 12. b4 Qe7 13. Qb2 Ne4 14. Bxg7 Rd8 15. Rc4 Qd6 16. Be2 Qd2+ 17. Qxd2 Nxd2 18. Bf6 Nxc4 19. Bxd8 Nxe3 20. fxe3 Nxd8 21. Nf3 Bd7 22. Kd2 Rc8 23. Ne5 Nc6 24. Nxd7 Rd8 25. Kc3 Rxd7 26. Rd1 Rc7 27. Kb3 Kg7 28. a4 b6 29. Bf3 Ne5 30. Be2 Kf6 31. Rf1+ Ke7 32. Ra1 Rd7 33. Kc3 Rc7+ 34. Kb3 Rd7 1/2-1/2

[Event "Montreal int."]
[Site "Montreal CAN"]
[Date "2005.08.06"]
[Round "4"]
[White "Kogan, Artur"]
[Black "Tyomkin, Dimitri"]
[Result "1/2-1/2"]
[WhiteElo "2580"]
[BlackElo "2467"]
[PlyCount "86"]
[GameId "2160767910900679"]
[EventDate "2005.08.03"]
[EventType "tourn"]
[EventRounds "11"]
[EventCountry "CAN"]
[EventCategory "12"]
[SourceTitle "CBM 109"]
[Source "ChessBase"]
[SourceDate "2005.11.14"]
[SourceVersion "1"]
[SourceVersionDate "2005.11.14"]
[SourceQuality "1"]

1. e4 c5 2. Nf3 d6 3. Nc3 Nc6 4. d4 cxd4 5. Nxd4 Nf6 6. Bc4 Qb6 7. Nde2 e6 8. O-O Be7 9. Ng3 a6 10. Bb3 Qc7 11. Nh5 Nxh5 12. Qxh5 Qa5 13. Qg4 Bf6 14. Qg3 O-O 15. Bd2 Nd4 16. Rae1 Qh5 17. Qd3 b5 18. Re3 Bb7 19. Rh3 Qg6 20. Rg3 Qh5 21. Bg5 Bxg5 22. Qxd4 Qh6 23. Rh3 Qf6 24. Qxd6 Bf4 25. Qb6 Rab8 26. Rd1 Rfc8 27. Rdd3 Bc6 28. Qd4 Qxd4 29. Rxd4 a5 30. a3 Be5 31. Rd1 a4 32. Ba2 b4 33. axb4 Rxb4 34. b3 Bxe4 35. Nxe4 Rxe4 36. bxa4 Rxa4 37. Bb3 Ra1 38. Rxa1 Bxa1 39. Rd3 Bf6 40. f4 Rd8 41. Rxd8+ Bxd8 42. Kf2 Kf8 43. Ke3 Ke7 1/2-1/2

[Event "Montreal int."]
[Site "Montreal CAN"]
[Date "2005.08.07"]
[Round "5"]
[White "Shipov, Sergei"]
[Black "Bluvshtein, Mark"]
[Result "1-0"]
[WhiteElo "2582"]
[BlackElo "2525"]
[PlyCount "89"]
[GameId "2160767910900686"]
[EventDate "2005.08.03"]
[EventType "tourn"]
[EventRounds "11"]
[EventCountry "CAN"]
[EventCategory "12"]
[SourceTitle "CBM 109"]
[Source "ChessBase"]
[SourceDate "2005.11.14"]
[SourceVersion "1"]
[SourceVersionDate "2005.11.14"]
[SourceQuality "1"]

1. d4 Nf6 2. c4 e6 3. Nc3 Bb4 4. Qc2 c5 5. dxc5 O-O 6. a3 Bxc5 7. Bf4 b6 8. Nf3 Bb7 9. Rd1 Nc6 10. e3 Rc8 11. Be2 Be7 12. Nb5 d5 13. Qb1 a6 14. Nc3 Na5 15. cxd5 exd5 16. Be5 Nc4 17. Bxc4 Rxc4 18. O-O b5 19. Bd4 b4 20. axb4 Rxb4 21. Ne5 Bd6 22. Qf5 Qc7 23. Nd3 Bc8 24. Qg5 Rxd4 25. exd4 Bxh2+ 26. Kh1 h6 27. Qh4 Bd6 28. Rfe1 Be6 29. Rd2 Rb8 30. Rc1 Qb6 31. Kg1 Rc8 32. Nc5 Bf5 33. Rcd1 Kh7 34. f3 Bxc5 35. dxc5 Rxc5 36. Na4 Rc4+ 37. Nxb6 Rxh4 38. Rd4 Bc2 39. Rxh4 Bxd1 40. Kf2 a5 41. Rh1 Bb3 42. Ra1 Kg6 43. Ra3 a4 44. Nxa4 Bc2 45. Nc3 1-0

[Event "Montreal int."]
[Site "Montreal CAN"]
[Date "2005.08.08"]
[Round "6"]
[White "Huzman, Alexander"]
[Black "Tyomkin, Dimitri"]
[Result "1/2-1/2"]
[WhiteElo "2577"]
[BlackElo "2467"]
[PlyCount "84"]
[GameId "2160767910900690"]
[EventDate "2005.08.03"]
[EventType "tourn"]
[EventRounds "11"]
[EventCountry "CAN"]
[EventCategory "12"]
[SourceTitle "CBM 109"]
[Source "ChessBase"]
[SourceDate "2005.11.14"]
[SourceVersion "1"]
[SourceVersionDate "2005.11.14"]
[SourceQuality "1"]

1. c4 Nf6 2. Nc3 d5 3. cxd5 Nxd5 4. g3 g6 5. Bg2 Nxc3 6. bxc3 Bg7 7. Rb1 Nc6 8. h4 h5 9. Nh3 Qd7 10. Qa4 Nd8 11. Qxd7+ Bxd7 12. Nf4 c6 13. Ba3 b6 14. O-O Rc8 15. d4 Ne6 16. Nd3 Nc7 17. Rfc1 Nb5 18. Bb4 Nd6 19. c4 Bxd4 20. c5 Nf5 21. cxb6 axb6 22. Kf1 O-O 23. e3 Bxe3 24. fxe3 Nxe3+ 25. Kf2 Nxg2 26. Ne5 Bf5 27. Rb3 c5 28. Ba3 Be4 29. Rxb6 Rfd8 30. Rb2 Rd5 31. Nc4 Rcd8 32. Re2 Rf5+ 33. Kg1 Bf3 34. Rxe7 g5 35. Re5 Rd5 36. Rxf5 Rxf5 37. Nd2 Bd5 38. hxg5 Rxg5 39. Kf2 h4 40. gxh4 Nxh4 41. Bxc5 Rg2+ 42. Ke1 Bxa2 1/2-1/2

[Event "Montreal int."]
[Site "Montreal CAN"]
[Date "2005.08.08"]
[Round "6"]
[White "Kogan, Artur"]
[Black "Mikhalevski, Victor"]
[Result "1/2-1/2"]
[WhiteElo "2580"]
[BlackElo "2572"]
[PlyCount "41"]
[GameId "2160767910900691"]
[EventDate "2005.08.03"]
[EventType "tourn"]
[EventRounds "11"]
[EventCountry "CAN"]
[EventCategory "12"]
[SourceTitle "CBM 109"]
[Source "ChessBase"]
[SourceDate "2005.11.14"]
[SourceVersion "1"]
[SourceVersionDate "2005.11.14"]
[SourceQuality "1"]

1. d4 Nf6 2. Nf3 d5 3. c4 e6 4. Nc3 Bb4 5. e3 O-O 6. Bd3 c5 7. O-O cxd4 8. exd4 dxc4 9. Bxc4 Nc6 10. a3 Be7 11. Qd3 b6 12. Bg5 Bb7 13. Rad1 Nd5 14. Bc1 Nxc3 15. bxc3 Na5 16. Ba2 Qc8 17. Ng5 Bxg5 18. Bxg5 Bd5 19. Bb1 f5 20. Rfe1 Nc4 21. Qg3 1/2-1/2

[Event "Montreal int."]
[Site "Montreal CAN"]
[Date "2005.08.10"]
[Round "7"]
[White "Mikhalevski, Victor"]
[Black "Golod, Vitali"]
[Result "1/2-1/2"]
[WhiteElo "2572"]
[BlackElo "2582"]
[PlyCount "46"]
[GameId "2160767910900696"]
[EventDate "2005.08.03"]
[EventType "tourn"]
[EventRounds "11"]
[EventCountry "CAN"]
[EventCategory "12"]
[SourceTitle "CBM 109"]
[Source "ChessBase"]
[SourceDate "2005.11.14"]
[SourceVersion "1"]
[SourceVersionDate "2005.11.14"]
[SourceQuality "1"]

1. d4 Nf6 2. Nf3 e6 3. c4 d5 4. Nc3 c5 5. cxd5 Nxd5 6. e4 Nxc3 7. bxc3 cxd4 8. cxd4 Bb4+ 9. Bd2 Bxd2+ 10. Qxd2 O-O 11. Bc4 Nc6 12. O-O b6 13. Rad1 Na5 14. Bd3 Bb7 15. Qf4 Qf6 16. Qg3 Qg6 17. Qf4 Qf6 18. Qxf6 gxf6 19. Rc1 Rfc8 20. Rfd1 Rxc1 21. Rxc1 Rc8 22. Rxc8+ Bxc8 23. Kf1 Nc6 1/2-1/2

[Event "Montreal int."]
[Site "Montreal CAN"]
[Date "2005.08.11"]
[Round "8"]
[White "Huzman, Alexander"]
[Black "Mikhalevski, Victor"]
[Result "1/2-1/2"]
[WhiteElo "2577"]
[BlackElo "2572"]
[PlyCount "41"]
[GameId "2160767910900700"]
[EventDate "2005.08.03"]
[EventType "tourn"]
[EventRounds "11"]
[EventCountry "CAN"]
[EventCategory "12"]
[SourceTitle "CBM 109"]
[Source "ChessBase"]
[SourceDate "2005.11.14"]
[SourceVersion "1"]
[SourceVersionDate "2005.11.14"]
[SourceQuality "1"]

1. c4 Nf6 2. Nc3 d5 3. cxd5 Nxd5 4. g3 e5 5. Bg2 Nb6 6. d3 Be7 7. Nf3 Nc6 8. O-O O-O 9. a3 Be6 10. b4 f6 11. Nd2 Qd7 12. b5 Na5 13. a4 Rad8 14. Bb2 c5 15. bxc6 bxc6 16. Qc2 c5 17. Rfd1 Nc6 18. a5 Nd4 19. Qb1 Na8 20. e3 Nc6 21. Ba3 1/2-1/2

[Event "Montreal int."]
[Site "Montreal CAN"]
[Date "2005.08.11"]
[Round "8"]
[White "Kogan, Artur"]
[Black "Efimenko, Zahar"]
[Result "1/2-1/2"]
[WhiteElo "2580"]
[BlackElo "2643"]
[PlyCount "35"]
[GameId "2160767910900701"]
[EventDate "2005.08.03"]
[EventType "tourn"]
[EventRounds "11"]
[EventCountry "CAN"]
[EventCategory "12"]
[SourceTitle "CBM 109"]
[Source "ChessBase"]
[SourceDate "2005.11.14"]
[SourceVersion "1"]
[SourceVersionDate "2005.11.14"]
[SourceQuality "1"]

1. e4 c5 2. Nf3 d6 3. Nc3 Nf6 4. d4 cxd4 5. Nxd4 a6 6. Bc4 e6 7. Bb3 Nbd7 8. Bg5 Qa5 9. Qd2 Be7 10. f4 h6 11. Bxf6 Bxf6 12. O-O-O Nc5 13. Rhe1 Bd7 14. Kb1 Qc7 15. Nf3 O-O-O 16. Re3 Bc6 17. Nd4 Kb8 18. Qe2 1/2-1/2

[Event "Montreal int."]
[Site "Montreal CAN"]
[Date "2005.08.12"]
[Round "9"]
[White "Efimenko, Zahar"]
[Black "Golod, Vitali"]
[Result "1/2-1/2"]
[WhiteElo "2643"]
[BlackElo "2582"]
[PlyCount "108"]
[GameId "2160767910900707"]
[EventDate "2005.08.03"]
[EventType "tourn"]
[EventRounds "11"]
[EventCountry "CAN"]
[EventCategory "12"]
[SourceTitle "CBM 109"]
[Source "ChessBase"]
[SourceDate "2005.11.14"]
[SourceVersion "1"]
[SourceVersionDate "2005.11.14"]
[SourceQuality "1"]

1. e4 e5 2. Bc4 Nf6 3. d3 c6 4. Nf3 d5 5. Bb3 Bd6 6. Nc3 dxe4 7. Ng5 O-O 8. Ncxe4 Nxe4 9. Nxe4 Bf5 10. Qf3 Bxe4 11. dxe4 Nd7 12. O-O Nc5 13. Bc4 b5 14. Be2 Qe7 15. c3 a5 16. Be3 a4 17. Rad1 Rfd8 18. g3 Ne6 19. h4 Bc5 20. Bc1 Rxd1 21. Rxd1 Rd8 22. Rxd8+ Qxd8 23. Kg2 Bf8 24. Qd3 Qxd3 25. Bxd3 Bd6 26. h5 h6 27. Bc2 Kf8 28. Kh3 Ke7 29. Kg4 Kf6 30. f4 Bc7 31. Bd2 Bd6 32. c4 Nd4 33. Bd1 a3 34. bxa3 Bxa3 35. cxb5 cxb5 36. Bc3 Ke6 37. Kh3 f6 38. Ba5 Bd6 39. Bb6 Ke7 40. Kg4 Ke6 41. Ba5 Ke7 42. Bc3 Ke6 43. Kh3 Ke7 44. Bd2 Kf7 45. Kg2 Ke7 46. Bg4 Ke8 47. Bc8 Kd8 48. Bb7 Kd7 49. Bd5 Ne6 50. Kf3 Nd4+ 51. Ke3 Nc2+ 52. Ke2 Bb4 53. Bc1 Ba3 54. Bd2 Bb4 1/2-1/2

[Event "Montreal int."]
[Site "Montreal CAN"]
[Date "2005.08.12"]
[Round "9"]
[White "Mikhalevski, Victor"]
[Black "Tyomkin, Dimitri"]
[Result "1/2-1/2"]
[WhiteElo "2572"]
[BlackElo "2467"]
[PlyCount "37"]
[GameId "2160767910900708"]
[EventDate "2005.08.03"]
[EventType "tourn"]
[EventRounds "11"]
[EventCountry "CAN"]
[EventCategory "12"]
[SourceTitle "CBM 109"]
[Source "ChessBase"]
[SourceDate "2005.11.14"]
[SourceVersion "1"]
[SourceVersionDate "2005.11.14"]
[SourceQuality "1"]

1. d4 d5 2. c4 c6 3. Nc3 Nf6 4. Nf3 a6 5. c5 Nbd7 6. Bf4 Nh5 7. Bd2 Nhf6 8. h3 g6 9. Bf4 Bg7 10. e3 O-O 11. Be2 Ne8 12. O-O Nc7 13. e4 dxe4 14. Nxe4 Nf6 15. Nxf6+ Bxf6 16. Bc4 Nd5 17. Bg3 Be6 18. Qb3 Qc8 19. Be5 1/2-1/2

[Event "Montreal int."]
[Site "Montreal CAN"]
[Date "2005.08.13"]
[Round "10"]
[White "Huzman, Alexander"]
[Black "Efimenko, Zahar"]
[Result "1/2-1/2"]
[WhiteElo "2577"]
[BlackElo "2643"]
[PlyCount "37"]
[GameId "2160767910900712"]
[EventDate "2005.08.03"]
[EventType "tourn"]
[EventRounds "11"]
[EventCountry "CAN"]
[EventCategory "12"]
[SourceTitle "CBM 109"]
[Source "ChessBase"]
[SourceDate "2005.11.14"]
[SourceVersion "1"]
[SourceVersionDate "2005.11.14"]
[SourceQuality "1"]

1. Nf3 Nf6 2. c4 g6 3. Nc3 Bg7 4. g3 O-O 5. Bg2 d6 6. O-O Nc6 7. d3 e5 8. Rb1 a5 9. a3 Re8 10. Bg5 h6 11. Bxf6 Bxf6 12. b4 axb4 13. axb4 Bg7 14. b5 Ne7 15. Qb3 c6 16. e3 Bf5 17. Rfd1 Qd7 18. Ne4 Bg4 19. bxc6 1/2-1/2

[Event "Montreal int."]
[Site "Montreal CAN"]
[Date "2005.08.13"]
[Round "10"]
[White "Kogan, Artur"]
[Black "Bluvshtein, Mark"]
[Result "1-0"]
[WhiteElo "2580"]
[BlackElo "2525"]
[PlyCount "167"]
[GameId "2160767910900713"]
[EventDate "2005.08.03"]
[EventType "tourn"]
[EventRounds "11"]
[EventCountry "CAN"]
[EventCategory "12"]
[SourceTitle "CBM 109"]
[Source "ChessBase"]
[SourceDate "2005.11.14"]
[SourceVersion "1"]
[SourceVersionDate "2005.11.14"]
[SourceQuality "1"]

1. d4 Nf6 2. Nf3 e6 3. c4 d5 4. Bg5 Bb4+ 5. Nc3 dxc4 6. e4 c5 7. e5 cxd4 8. exf6 gxf6 9. Bh4 Nc6 10. Nxd4 Nxd4 11. Bxc4 Be7 12. O-O Nf5 13. Qh5 Bd7 14. Rfe1 Nxh4 15. Qxh4 Qb6 16. Rac1 Rc8 17. Bb3 Rc5 18. Qg3 Bc6 19. Qg7 Rf8 20. Qxh7 Qb4 21. Re3 Rf5 22. Rf1 Qg4 23. Rg3 Qh5 24. Qxh5 Rxh5 25. Rd1 Bd8 26. h3 a6 27. Kf1 Bc7 28. Re3 Bb6 29. Re2 Re5 30. Ba4 Rc5 31. Bxc6+ Rxc6 32. g4 Bd8 33. Red2 Ba5 34. Rd7 Rc7 35. Rxc7 Bxc7 36. Ne4 Ke7 37. Nc5 Bb6 38. Ne4 Rh8 39. Rd3 Bc7 40. Nc5 Rc8 41. Nxb7 Be5 42. b4 Rc2 43. a3 Bc7 44. Nc5 Bb6 45. Ne4 f5 46. gxf5 exf5 47. Nd2 a5 48. Ke2 Rb2 49. bxa5 Bxa5 50. Kd1 Bxd2 51. Rxd2 Rb3 52. Re2+ Kf6 53. Ra2 Rxh3 54. a4 Kg5 55. a5 Kg4 56. a6 Rh8 57. a7 Ra8 58. Ke2 f4 59. Ra4 f6 60. Kf1 Kh3 61. Ra3+ Kh2 62. Ra6 Kh3 63. Kg1 f3 64. Ra3 Kg4 65. Kf1 f5 66. Ke1 f4 67. Kf1 Rh8 68. Kg1 Ra8 69. Ra4 Kh3 70. Ra6 Kg4 71. Kf1 Rc8 72. Ra1 Ra8 73. Ra3 Kh4 74. Ke1 Kg4 75. Ra6 Kh3 76. Rh6+ Kg2 77. Rg6+ Kh2 78. Rg7 Rd8 79. Rb7 Ra8 80. Rh7+ Kg2 81. Rg7+ Kh3 82. Kd2 Rc8 83. Kd3 Re8 84. Kd4 1-0

[Event "Montreal int."]
[Site "Montreal CAN"]
[Date "2005.08.13"]
[Round "10"]
[White "Roussel-Roozmon, Thomas"]
[Black "Mikhalevski, Victor"]
[Result "0-1"]
[WhiteElo "2439"]
[BlackElo "2572"]
[PlyCount "58"]
[GameId "2160767910900715"]
[EventDate "2005.08.03"]
[EventType "tourn"]
[EventRounds "11"]
[EventCountry "CAN"]
[EventCategory "12"]
[SourceTitle "CBM 109"]
[Source "ChessBase"]
[SourceDate "2005.11.14"]
[SourceVersion "1"]
[SourceVersionDate "2005.11.14"]
[SourceQuality "1"]

1. d4 Nf6 2. c4 g6 3. Nc3 d5 4. Bf4 Bg7 5. e3 c5 6. dxc5 Qa5 7. Rc1 dxc4 8. Bxc4 O-O 9. Nf3 Qxc5 10. Bb3 Nc6 11. O-O Qa5 12. Qe2 Nh5 13. Bg5 Bg4 14. Nd5 e6 15. Ne7+ Kh8 16. Nxc6 Qxg5 17. Ncd4 Bxd4 18. exd4 Qf4 19. Qe5+ Kg8 20. Rc3 Rac8 21. g3 Rxc3 22. gxf4 Rxf3 23. Bd1 Rxf4 24. Bxg4 Rxg4+ 25. Kh1 Rd8 26. Qc7 Rgxd4 27. Qxb7 Nf4 28. Qxa7 Rd1 29. Qa6 R8d3 0-1

[Event "Montreal int."]
[Site "Montreal CAN"]
[Date "2005.08.14"]
[Round "11"]
[White "Nataf, Igor A"]
[Black "Kogan, Artur"]
[Result "1/2-1/2"]
[WhiteElo "2583"]
[BlackElo "2580"]
[PlyCount "79"]
[GameId "2160767910900721"]
[EventDate "2005.08.03"]
[EventType "tourn"]
[EventRounds "11"]
[EventCountry "CAN"]
[EventCategory "12"]
[SourceTitle "CBM 109"]
[Source "ChessBase"]
[SourceDate "2005.11.14"]
[SourceVersion "1"]
[SourceVersionDate "2005.11.14"]
[SourceQuality "1"]

1. d4 d5 2. c4 c6 3. Nc3 Nf6 4. cxd5 cxd5 5. Nf3 Nc6 6. Bf4 Bf5 7. e3 e6 8. Bd3 Bxd3 9. Qxd3 Bd6 10. Bxd6 Qxd6 11. O-O O-O 12. Rfc1 Rfc8 13. Ne2 Ne7 14. Rxc8+ Rxc8 15. Rc1 h6 16. h3 Rxc1+ 17. Nxc1 Qb6 18. Qc2 Qc6 19. Qxc6 Nxc6 20. Nd3 Nd7 21. Kf1 Kf8 22. Ke2 Ke7 23. Nd2 b6 24. Nb1 Kd6 25. Nc3 a6 26. Na4 f6 27. f4 e5 28. fxe5+ fxe5 29. dxe5+ Ncxe5 30. Nf4 b5 31. Nc3 Nb6 32. b3 b4 33. Nb1 a5 34. Nd3 Nxd3 35. Kxd3 Nd7 36. Nd2 Nc5+ 37. Kd4 Ne6+ 38. Kd3 Nc5+ 39. Kd4 Ne6+ 40. Kd3 1/2-1/2